000 00738cam a22002171 4500
001 000001380
005 20200929145547.0
008 860306m19289999sp 000 0 spa
010 _a31006310
040 _aDO-SdBNP
_bspa
_cBNPHU
100 2 _aMenendez y Pelayo, Marcelino,
_d1856-1912.
_94620
245 1 0 _aHistoria de las ideas esteticas en Espana, /
_cpor d. Marcelino Menendez y Pelayo.
250 _a4. ed. corr. y aum.
260 _aMadrid, :
_bHernando,
_c1928-.
300 _av. ;
_c17 cm.
490 0 _aColeccion de escritores castellanos ... Criticos
500 _aVol. 1, 1929; v. 2, 1928; v. 3, 1930.
650 0 _aAesthetics
_xHistory.
_94621
650 0 _aSpanish literature
_xHistory and criticism.
_94622
082 _a701
999 _c1304
_d1304